[Event "Madrid-ch U12"]
[Site "Madrid"]
[Date "2019.04.06"]
[Round "5"]
[White "Llamas Martinez, Pablo"]
[Black "Rodriguez Lopez, Sergio"]
[Result "1/2-1/2"]
[WhiteElo "1621"]
[BlackElo "1492"]
[PlyCount "82"]
[EventDate "2019.03.30"]
[EventType "swiss"]
[EventRounds "6"]
[EventCountry "ESP"]
[SourceTitle "EXT 2021"]
[Source "ChessBase"]
[SourceDate "2020.10.23"]
[SourceVersion "1"]
[SourceVersionDate "2020.10.23"]
[SourceQuality "1"]

1. e4 e5 2. d4 exd4 3. Nf3 Bc5 4. Bc4 Ne7 5. Ng5 d5 6. Qh5 g6 7. Qh6 Ng8 8. Qg7 Qf6 9. Qxf6 Nxf6 10. exd5 h6 11. Nf3 Bf5 12. 0-0 Bxc2 13. Re1+ Kf8 14. Nbd2 Nbd7 15. Nb3 Bxb3 16. Bxb3 Kg7 17. Bf4 Bd6 18. Bxd6 cxd6 19. Nxd4 Rhe8 20. Nb5 Nc5 21. Bc2 Nxd5 22. Red1 Re2 23. Bxg6 fxg6 24. Rxd5 Rxb2 25. Nxd6 b6 26. f3 Ne6 27. Nc4 Rc2 28. Ne3 Re2 29. Re5 Nf4 30. g3 Nh3+ 31. Kh1 Nf2+ 32. Kg1 Nh3+ 33. Kh1 Rf2 34. f4 Rd8 35. a4 Rdd2 36. Ng4 Rfe2 37. Rxe2 Rxe2 38. Rc1 Ra2 39. Rc7+ Kf8 40. Rxa7 h5 41. Ne5 g5 1/2-1/2

[Event "Madrid-ch U12"]
[Site "Madrid"]
[Date "2019.03.31"]
[Round "4"]
[White "Rodriguez Lopez, Sergio"]
[Black "Horcajuelo Rocamora, Martin"]
[Result "1/2-1/2"]
[WhiteElo "1492"]
[BlackElo "1666"]
[PlyCount "70"]
[EventDate "2019.03.30"]
[EventType "swiss"]
[EventRounds "6"]
[EventCountry "ESP"]
[SourceTitle "EXT 2021"]
[Source "ChessBase"]
[SourceDate "2020.10.23"]
[SourceVersion "1"]
[SourceVersionDate "2020.10.23"]
[SourceQuality "1"]

1. e4 c5 2. Nf3 d6 3. d4 cxd4 4. Qxd4 Nc6 5. Bb5 Bd7 6. Qd3 Rc8 7. c4 g6 8. Nc3 Bg7 9. 0-0 a6 10. Bxc6 Bxc6 11. Nd4 Bd7 12. b3 Nf6 13. Bb2 0-0 14. Rad1 Qb6 15. Rfe1 Ng4 16. Nd5 Qd8 17. f4 Re8 18. h3 Nf6 19. Rd2 Nxd5 20. exd5 Qb6 21. Kh1 Bh6 22. Rde2 Bxf4 23. Rxe7 Rxe7 24. Rxe7 Qd8 25. Re4 Be5 26. Ba3 f5 27. Re2 Qc7 28. Nf3 Bf6 29. Bb2 Qd8 30. Bxf6 Qxf6 31. Qd4 Kf7 32. Qb6 g5 33. Qxb7 Rd8 34. Re6 Qa1+ 35. Kh2 g4 1/2-1/2

[Event "Madrid-ch U12"]
[Site "Madrid"]
[Date "2019.03.30"]
[Round "2"]
[White "Rodriguez Lopez, Sergio"]
[Black "Cuesta Moscoso, Alvaro"]
[Result "1/2-1/2"]
[WhiteElo "1492"]
[BlackElo "1428"]
[PlyCount "33"]
[EventDate "2019.03.30"]
[EventType "swiss"]
[EventRounds "6"]
[EventCountry "ESP"]
[SourceTitle "EXT 2021"]
[Source "ChessBase"]
[SourceDate "2020.10.23"]
[SourceVersion "1"]
[SourceVersionDate "2020.10.23"]
[SourceQuality "1"]

1. e4 c5 2. Nf3 Nc6 3. d4 cxd4 4. Nxd4 g6 5. Nc3 Bg7 6. Be3 Nf6 7. f3 0-0 8. Qd2 d5 9. 0-0-0 dxe4 10. Nxc6 Qxd2+ 11. Bxd2 bxc6 12. fxe4 Rd8 13. Be2 Be6 14. Be3 Nd7 15. Bd4 Bh6+ 16. Kb1 c5 17. Bf2 1/2-1/2

[Event "Madrid Tajamar Easter op-B"]
[Site "Madrid"]
[Date "2018.03.24"]
[Round "3"]
[White "De los Rios Camacho, Juan Antoni"]
[Black "Rodriguez Lopez, Sergio"]
[Result "1/2-1/2"]
[WhiteElo "1658"]
[BlackElo "1476"]
[PlyCount "52"]
[EventDate "2018.03.22"]
[EventType "swiss"]
[EventRounds "7"]
[EventCountry "ESP"]
[SourceTitle "EXT 2019"]
[Source "ChessBase"]
[SourceDate "2018.10.10"]
[SourceVersion "1"]
[SourceVersionDate "2018.10.10"]
[SourceQuality "1"]

1. e4 e5 2. Nf3 Nf6 3. d3 Nc6 4. c3 d5 5. Nbd2 Bg4 6. Be2 Bd6 7. h3 Bh5 8. Nxe5 Nxe5 9. Bxh5 Nxd3+ 10. Kf1 dxe4 11. Nxe4 Nxe4 12. Qa4+ Kf8 13. Qxe4 Bc5 14. Be3 Bxe3 15. fxe3 Qf6+ 16. Bf3 Qa6 17. Kg1 Re8 18. Qd4 c5 19. Bxb7 cxd4 20. Bxa6 Rxe3 21. cxd4 g6 22. b3 Kg7 23. Kh2 Rd8 24. Bxd3 Rxd3 25. Rhd1 R8xd4 26. Rxd3 Rxd3 1/2-1/2

[Event "ESP-ch U08"]
[Site "Granada"]
[Date "2016.06.25"]
[Round "5"]
[White "De la Riva Reina, Marti"]
[Black "Rodriguez Lopez, Sergio"]
[Result "0-1"]
[WhiteElo "1002"]
[BlackElo "1229"]
[PlyCount "130"]
[EventDate "2016.06.23"]
[EventType "swiss"]
[EventRounds "9"]
[EventCountry "ESP"]
[SourceTitle "EXT 2024"]
[Source "ChessBase"]
[SourceDate "2023.10.10"]
[SourceVersion "1"]
[SourceVersionDate "2023.10.10"]
[SourceQuality "1"]

1. d4 d5 2. Nf3 e6 3. e3 Nf6 4. Bd3 Be7 5. Nbd2 0-0 6. 0-0 b6 7. b3 Nbd7 8. Bb2 c5 9. Ne5 Nxe5 10. dxe5 Nd7 11. f4 f6 12. Qh5 f5 13. Rf3 Qe8 14. Qxe8 Rxe8 15. c4 Bb7 16. cxd5 Bxd5 17. e4 Bb7 18. Bb5 fxe4 19. Re3 Red8 20. Nxe4 Nf8 21. Bd3 Rxd3 22. Rxd3 Bxe4 23. Rd2 Bc6 24. Rf1 Be4 25. Re2 Bd3 26. Re3 Bxf1 27. Kxf1 Ng6 28. g3 Rd8 29. Ke2 Nh8 30. Rf3 Nf7 31. f5 Ng5 32. Rf4 exf5 33. Rxf5 g6 34. Rf1 Ne4 35. Ke3 Rd2 36. Bc1 Rd4 37. Bb2 Bg5+ 38. Kf3 Nd2+ 39. Ke2 Re4+ 40. Kd3 Rxe5 41. h4 Bh6 42. Rd1 Re6 43. Bc1 Ne4 44. Bxh6 Nf2+ 45. Kc2 Nxd1 46. Kxd1 Kf7 47. Kd2 Kf6 48. Bg5+ Kf5 49. Bf4 Re4 50. Bb8 a6 51. Ba7 Kg4 52. Bxb6 Kxg3 53. Bxc5 Kxh4 54. a4 g5 55. b4 Kg4 56. b5 axb5 57. axb5 Re5 58. b6 Rxc5 59. b7 Rb5 60. Ke2 Rxb7 61. Kf2 Rb3 62. Kg2 Rb2+ 63. Kg1 Kf3 64. Kh1 Kg3 65. Kg1 Rb1# 0-1